000 00252nam a22001217a 4500
008 181020b xxu||||| |||| 00| 0 eng d
041 _aeng
080 _a617
100 _a8
101 _aORT
245 _aBone Biodynamics
_cFord, H
942 _2udc
_cBK
999 _c50311
_d50311